01329nam a2200373 a 450000100060000000300080000600500170001400600190003100700150005000800410006502200140010603500230012003500240014303500250016703500210019204000260021305000240023908000190026310000220028224501270030426000620043130000120049353301640050565000190066965000310068865000290071965000250074865000230077365000290079665000220082565500270084771000190087485600620089350239FlNmELB20241216232216.0m o d | cr cn|||||||||200705r20072007ag |||||s|||||||||||spa d z1137-5655 a(MiAaPQ)EBC3173566 a(Au-PeEL)EBL3173566 a(CaPaEBR)ebr10165712 a(OCoLC)928699509 aFlNmELBbspacFlNmELB 4aT60.2.bE742 2007eb a331.45:679.8541 aEscalona, Iván.10aDiagnóstico para la administración del mantenimiento en una empresa marmolerah[recurso electronico]cIván Escalona. a[Buenos Aires, Argentina] :b[Monografías.com],c[2007] a6-34 p. aRecurso electrónico. Santa Fe, Arg.: e-libro, 2015. Disponible vía World Wide Web. El acceso puede estar limitado para las bibliotecas afiliadas a e-libro. 4aMantenimiento. 4aManuales de mantenimiento. 4aSeguridad en el trabajo. 4aEstudio del trabajo. 0aIndustrial safety. 0aIndustrial organization. 0aWork measurement. 4aLibros electrónicos.2 ae-libro, Corp.40uhttps://elibro.net/ereader/politecnicointernacional/34469